| 000 | 01098nas a2200385 4500 | ||
|---|---|---|---|
| 001 | BR0804213 | ||
| 003 | BR-BrBNA | ||
| 005 | 20231205112327.0 | ||
| 007 | ta | ||
| 008 | 230509b bl.|||p| |||| 00| 00por d | ||
| 040 |
_aBR-BrBNA _bpor _cBiblioteca Nacional de Agricultura |
||
| 041 | _a(Pt) | ||
| 072 | _aQ03 | ||
| 100 | 1 | _aLagaggio, V.R.A. | |
| 100 | 1 | _aFlôres, M.L. | |
| 100 | 1 | _aSouza, J.H. | |
| 100 | 1 | _aOliveira, V. da S. | |
| 100 | 1 | _aHorst, F. | |
| 100 | 1 | _aJorge, L.L. | |
| 100 | 1 | _aPacheco, I. | |
| 100 | 1 | _aTrindade, M.M. | |
| 245 | 1 | _aPrevalência de cisticercose bovina em animais abatidos em frigoríficos de inspeção estadual no Rio Grande do Sul | |
| 650 | _aCARNE | ||
| 650 | _aBOVINO | ||
| 650 | _aABATE | ||
| 650 | _aFRIGORÍFICO | ||
| 650 | _aCISTICERCOSE | ||
| 650 | _aHELMINTO | ||
| 650 | _aZOONOSE | ||
| 650 | _aINSPEÇÃO SANITÁRIA | ||
| 650 | _aRIO GRANDE DO SUL | ||
| 773 | 0 |
_tHigiene Alimentar (Brazil) _xISSN 0101-9171 _g(Dec 2007), v. 21(157) p. 90-93 _wBR0804213 |
|
| 909 |
_a202311 _bLúcia _c55 _dLúcia Elande |
||
| 942 |
_2AGRIS _n0 _cANA |
||
| 999 |
_c197456 _d197456 |
||